[Event "FRA-chT U20a 0405"]
[Site "France"]
[Date "2005.05.16"]
[Round "11.5"]
[White "Netzer, Jacques"]
[Black "Capponi, Axel"]
[Result "0-1"]
[WhiteElo "1830"]
[BlackElo "1700"]
[PlyCount "86"]
[EventDate "2004.11.19"]
[EventType "team"]
[EventRounds "11"]
[EventCountry "FRA"]
[SourceTitle "EXT 2006"]
[Source "ChessBase"]
[SourceDate "2005.11.24"]
[SourceVersion "1"]
[SourceVersionDate "2005.11.24"]
[SourceQuality "1"]

1. e4 e5 2. Bc4 Nf6 3. d3 c6 4. Nc3 d5 5. exd5 cxd5 6. Bb3 Bb4 7. Bd2 0-0 8. Nge2 Bg4 9. 0-0 Nc6 10. a3 Ba5 11. f3 Be6 12. Ba2 h6 13. b4 Bb6+ 14. Kh1 a5 15. b5 Nd4 16. a4 Rc8 17. Rc1 Nf5 18. Bb3 Qc7 19. Qe1 Ne3 20. Bxe3 Bxe3 21. Rb1 d4 22. Ne4 Nxe4 23. fxe4 Bxb3 24. cxb3 Qc2 25. Qd1 Qxd1 26. Rfxd1 Rc2 27. Ng3 g6 28. b4 Bd2 29. bxa5 Bxa5 30. Ra1 Rfc8 31. Kg1 Rb2 32. Nf1 Rcc2 33. g3 b6 34. Ra3 h5 35. Raa1 Kf8 36. Ra3 Ke7 37. Raa1 Kd6 38. Ra3 Kc5 39. Rda1 Bb4 40. a5 bxa5 41. Ra4 Kxb5 42. Kh1 Rc3 43. Kg1 Rxd3 0-1

[Event "FRA-chT U20a 0405"]
[Site "France"]
[Date "2005.05.15"]
[Round "9.5"]
[White "Domenech, Vianney"]
[Black "Capponi, Axel"]
[Result "1-0"]
[WhiteElo "1710"]
[BlackElo "1700"]
[PlyCount "47"]
[EventDate "2004.11.19"]
[EventType "team"]
[EventRounds "11"]
[EventCountry "FRA"]
[SourceTitle "EXT 2006"]
[Source "ChessBase"]
[SourceDate "2005.11.24"]
[SourceVersion "1"]
[SourceVersionDate "2005.11.24"]
[SourceQuality "1"]

1. d4 d5 2. c3 Nf6 3. Bg5 Ne4 4. Bf4 e6 5. Nd2 Nxd2 6. Qxd2 Nc6 7. Nf3 f6 8. e3 Bd6 9. Bg3 Bxg3 10. hxg3 e5 11. Be2 Bg4 12. Nxe5 Bxe2 13. Nxc6 bxc6 14. Qxe2 g6 15. Qg4 Kf7 16. Kd2 Rb8 17. Kc2 Qd6 18. Rh6 Qe7 19. Rah1 Kg7 20. Qh3 Qe4+ 21. Kc1 g5 22. Qd7+ Kg8 23. Rxf6 Rf8 24. Rhh6 1-0

[Event "France-ch U10"]
[Site "Reims"]
[Date "2004.04.25"]
[Round "9"]
[White "Loiseau, Quentin"]
[Black "Capponi, Axel"]
[Result "0-1"]
[WhiteElo "1700"]
[BlackElo "1770"]
[PlyCount "48"]
[EventDate "2004.04.??"]
[EventType "swiss"]
[EventRounds "9"]
[EventCountry "FRA"]
[SourceTitle "EXT 2005"]
[Source "ChessBase"]
[SourceDate "2004.11.15"]
[SourceVersion "1"]
[SourceVersionDate "2004.11.15"]
[SourceQuality "1"]

1. e4 e5 2. Nf3 Nf6 3. d4 Nxe4 4. Nxe5 d6 5. Nf3 d5 6. Bd3 Nc6 7. 0-0 Be7 8. Re1 Bg4 9. Bxe4 dxe4 10. Rxe4 Bxf3 11. Qxf3 Nxd4 12. Qd3 Ne6 13. Qxd8+ Rxd8 14. Nd2 0-0 15. Nf3 Bf6 16. c3 Nc5 17. Re2 h6 18. Be3 Ne6 19. Kf1 Rfe8 20. Ke1 Re7 21. Rd1 Rde8 22. Rdd2 b6 23. Kd1 Kf8 24. Kc2 Nf4 0-1

[Event "France-ch U10"]
[Site "Reims"]
[Date "2004.04.19"]
[Round "3"]
[White "Dubois, Vincent"]
[Black "Capponi, Axel"]
[Result "0-1"]
[WhiteElo "1550"]
[BlackElo "1770"]
[PlyCount "144"]
[EventDate "2004.04.??"]
[EventType "swiss"]
[EventRounds "9"]
[EventCountry "FRA"]
[SourceTitle "EXT 2005"]
[Source "ChessBase"]
[SourceDate "2004.11.15"]
[SourceVersion "1"]
[SourceVersionDate "2004.11.15"]
[SourceQuality "1"]

1. e4 e5 2. Nf3 Nf6 3. Nxe5 d6 4. Nf3 Nxe4 5. Qe2 Qe7 6. d3 Nf6 7. Bg5 Qxe2+ 8. Bxe2 Be7 9. Nc3 0-0 10. Nb5 Na6 11. 0-0-0 Bd7 12. Nc3 h6 13. Bh4 Rfe8 14. Rhe1 Bc6 15. Kb1 b5 16. Ne4 Nxe4 17. dxe4 Bxh4 18. Nxh4 Rxe4 19. Bf3 Rxe1 20. Rxe1 Bxf3 21. Nxf3 Nc5 22. Nd4 a6 23. Re7 Rc8 24. Nc6 Kf8 25. Kc1 Ne6 26. Na7 Rb8 27. Kd2 Rb7 28. Nc8 Rb8 29. Na7 Kxe7 30. Nc6+ Kf6 31. Nxb8 a5 32. Ke3 c5 33. Ke4 Nc7 34. h4 Ke6 35. Nc6 a4 36. Nd8+ Ke7 37. Nc6+ Kf6 38. Nd8 d5+ 39. Kf4 Ne6+ 40. Nxe6 Kxe6 41. Ke3 Kf5 42. Kf3 g6 43. g4+ Ke5 44. Ke3 d4+ 45. Ke2 Kf4 46. f3 g5 47. h5 f6 48. Kf2 c4 49. Ke2 Kg3 50. a3 Kf4 51. Kf2 d3 52. c3 d2 53. Ke2 d1Q+ 54. Kxd1 Kxf3 55. Kd2 Kxg4 56. Ke3 Kxh5 57. Kd4 g4 58. Kc5 g3 59. Kxb5 g2 60. Kxa4 g1Q 61. Kb4 Qg4 62. a4 Qe6 63. a5 Qa6 64. Ka4 f5 65. b4 cxb3 66. Kxb3 Qxa5 67. Kb2 f4 68. c4 f3 69. c5 f2 70. c6 f1Q 71. c7 Qe2+ 72. Kb3 Qea2# 0-1

[Event "France-ch U10"]
[Site "Reims"]
[Date "2004.04.18"]
[Round "1"]
[White "Garcia, Remi"]
[Black "Capponi, Axel"]
[Result "0-1"]
[WhiteElo "1380"]
[BlackElo "1770"]
[PlyCount "102"]
[EventDate "2004.04.??"]
[EventType "swiss"]
[EventRounds "9"]
[EventCountry "FRA"]
[SourceTitle "EXT 2005"]
[Source "ChessBase"]
[SourceDate "2004.11.15"]
[SourceVersion "1"]
[SourceVersionDate "2004.11.15"]
[SourceQuality "1"]

1. e4 e5 2. Nf3 Nf6 3. Nxe5 d6 4. Nf3 Nxe4 5. Qe2 Qe7 6. d3 Nf6 7. Bg5 Qxe2+ 8. Bxe2 Be7 9. 0-0 0-0 10. Nc3 Nc6 11. Rfe1 h6 12. Bf4 Bf5 13. d4 Bxc2 14. Bf1 Bd8 15. Rac1 Bf5 16. Nh4 Bh7 17. Nf3 Ne7 18. Nb5 Ned5 19. Bg3 Ne4 20. Bc4 Nb6 21. Bd3 Nxg3 22. Bxh7+ Kxh7 23. hxg3 Nd5 24. Nd2 a6 25. Nc3 Nb4 26. Re3 Bf6 27. Nb3 Rfe8 28. Rce1 Rxe3 29. Rxe3 Nc6 30. d5 Ne5 31. f4 Nc4 32. Nd1 Nxe3 33. Nxe3 Bxb2 34. Kf1 Re8 35. Nc4 Bc3 36. Kf2 Re4 37. Ne3 g6 38. Kf3 Ra4 39. Nd1 Bg7 40. Nc1 Rd4 41. Ne3 Ra4 42. Nd1 Ra3+ 43. Kg4 f5+ 44. Kh4 Bf6+ 45. Kh3 h5 46. Kh2 Bd4 47. Nb3 Bb6 48. Nc1 Ra5 49. Nc3 Rc5 50. N1e2 Ba5 51. Na4 Rxd5 0-1

[Event "FRA-chT 0102 U18"]
[Site "France"]
[Date "2002.01.05"]
[Round "5.8"]
[White "Capponi, Axel"]
[Black "Margenstern, Rodolphe"]
[Result "0-1"]
[WhiteElo "1190"]
[BlackElo "1580"]
[PlyCount "52"]
[EventDate "2001.10.??"]
[EventType "team"]
[EventRounds "11"]
[EventCountry "FRA"]
[SourceTitle "EXT 2003"]
[Source "ChessBase"]
[SourceDate "2002.11.25"]
[SourceVersion "1"]
[SourceVersionDate "2002.11.25"]
[SourceQuality "1"]
[WhiteTeam "Cannes"]
[BlackTeam "Creteil"]
[WhiteTeamCountry "FRA"]
[BlackTeamCountry "FRA"]

1. d4 d5 2. c4 c6 3. Nc3 Nf6 4. Nf3 dxc4 5. e4 Bg4 6. Be3 e6 7. Bxc4 Bb4 8. Bd3 Nbd7 9. 0-0 c5 10. e5 Nd5 11. Nxd5 exd5 12. dxc5 Nxe5 13. Bb5+ Nc6 14. h3 Bh5 15. a3 Ba5 16. b4 Bc7 17. Re1 0-0 18. Bg5 Bxf3 19. Bxd8 Bxd1 20. Bxc6 Raxd8 21. Raxd1 bxc6 22. g3 Rfe8 23. Rf1 f6 24. Rd3 Be5 25. a4 a6 26. f4 Bc7 0-1